| 000 | 00792nam a2200241Ia 4500 | ||
|---|---|---|---|
| 003 | GCL | ||
| 008 | 140319s9999 xx 000 0 ara d | ||
| 040 |
_aGCL / _cGCL |
||
| 082 | 0 | 4 |
_a940.1 _bم ح |
| 100 | 1 | _aمحمود سعيد عمران | |
| 245 | 1 | 0 |
_aحضارة اوروبا فى العصور الوسطى / _cمحمود سعيد عمران |
| 260 |
_a[S.N] : _bدار النهضة العربية ، _c1991 |
||
| 300 | _a350 ص | ||
| 490 | _a | ||
| 650 | 0 | 4 | _aالحضارة الاوربية |
| 650 | 0 | 4 | _aالجامعات والكليات |
| 650 | 0 | 4 | _aالعصور الوسطى |
| 650 | 0 | 4 | _aالاقطاع |
| 650 | 0 | 4 | _aالجامعات والكليات, تاريخ |
| 650 | 0 | 4 | _aاوربا - تاريخ |
| 650 | 0 | 4 | _aعصر النهضة (1300 - 1494) |
| 942 |
_2ddc _cBK |
||
| 999 |
_c37267 _d37267 |
||